Central Library OPAC University of Rajshahi

Statistical analysis / (Record no. 35340)

MARC details
000 -LEADER
fixed length control field 00933cam a22002891 4500
001 - CONTROL NUMBER
control field 35340
003 - CONTROL NUMBER IDENTIFIER
rucl marc code BD-RjUL
005 - DATE AND TIME OF LATEST TRANSACTION
control field 20211209052314.0
008 - FIXED-LENGTH DATA ELEMENTS--GENERAL INFORMATION
fixed length control field 140522r19641958nyu bs 001 0 eng
035 ## - SYSTEM CONTROL NUMBER
System control number (BD-RjUL)35434
040 ## - CATALOGING SOURCE
Original cataloging agency DLC
Transcribing agency DLC
Modifying agency BD-RjUL
Language of cataloging eng
041 ## - LANGUAGE CODE
Language code of text/sound track or separate title eng
082 00 - DEWEY DECIMAL CLASSIFICATION NUMBER
Classification number 519
Author mark and year EDS 1964
100 1# - MAIN ENTRY--PERSONAL NAME
Personal name Edwards, Allen Louis.
9 (RLIN) 90374
245 10 - TITLE STATEMENT
Title Statistical analysis /
Statement of responsibility, etc. Allen Louis Edwards.
250 ## - EDITION STATEMENT
Edition statement Rev. ed.
260 ## - PUBLICATION, DISTRIBUTION, ETC. (IMPRINT)
Place of publication, distribution, etc. New York :
Name of publisher, distributor, etc. Rinehart,
Date of publication, distribution, etc. c1958 [Printing 1964].
300 ## - PHYSICAL DESCRIPTION
Pagination xii, 234 p. ;
Size 24 cm.
500 ## - GENERAL NOTE
General note First published in 1946 under title: Statistical analysis for students in psychology and education.
504 ## - BIBLIOGRAPHY, ETC. NOTE
Bibliography, etc Includes bibliography and index.
650 #0 - SUBJECT ADDED ENTRY--TOPICAL TERM
Topical term or geographic name as entry element Statistics.
9 (RLIN) 107647
Topical term or geographic name as entry element Educational statistics.
9 (RLIN) 5573
942 ## - ADDED ENTRY ELEMENTS (KOHA)
Source of classification or shelving scheme Dewey Decimal Classification
Koha item type Books
Holdings
Lost status Source of classification or shelving scheme Damaged status Not for loan Collection code Permanent Location Current Location Shelving location Date acquired Source of acquisition Cost, normal purchase price Total Checkouts Full call number Date last seen Copy number Koha item type
  Dewey Decimal Classification   Not For Loan Non-fiction Central Library, University of Rajshahi Central Library, University of Rajshahi Reading Room 13/05/1965 Euro Pak. 34.80   519 EDS 1964 22/05/2014 C-1 Books